United States : Financial Sector Assessment Program-detailed assessment of implementation on the IOSCO objectives and principles of securities regulation /

Bibliographic Details
Corporate Author: International Monetary Fund, (Author)
Format: eBook
Language:English
Published: Washington, District of Columbia : International Monetary Fund, 2015.
Series:IMF country report ; Number 15/91.
Subjects:
Online Access:Click to View
LEADER 02425nam a2200493 i 4500
001 EBC2040150
003 MiAaPQ
005 20200520144314.0
006 m o d |
007 cr cnu||||||||
008 150514t20152015dcua o 000 0 eng d
020 |z 9781484312827 
020 |a 9781475546248  |q (electronic bk.) 
035 |a (MiAaPQ)EBC2040150 
035 |a (Au-PeEL)EBL2040150 
035 |a (CaPaEBR)ebr11052018 
035 |a (OCoLC)908671324 
040 |a MiAaPQ  |b eng  |e rda  |e pn  |c MiAaPQ  |d MiAaPQ 
043 |a n-us--- 
050 4 |a HG3881.5.I58  |b .I584 2015 
082 0 |a 332.152  |2 23 
110 2 |a International Monetary Fund,  |e author. 
245 1 0 |a United States :  |b Financial Sector Assessment Program-detailed assessment of implementation on the IOSCO objectives and principles of securities regulation /  |c International Monetary Fund. 
264 1 |a Washington, District of Columbia :  |b International Monetary Fund,  |c 2015. 
264 4 |c 2015 
300 |a 1 online resource (249 pages) :  |b illustrations (some color). 
336 |a text  |2 rdacontent 
337 |a computer  |2 rdamedia 
338 |a online resource  |2 rdacarrier 
490 1 |a IMF Country Report ;  |v Number 15/91 
588 |a Description based on online resource; title from PDF cover (ebrary, viewed May 13, 2015). 
590 |a Electronic reproduction. Ann Arbor, MI : ProQuest, 2015. Available via World Wide Web. Access may be limited to ProQuest affiliated libraries. 
610 2 0 |a International Monetary Fund  |z United States. 
650 0 |a Securities  |z United States. 
650 0 |a Capital market  |z United States. 
650 0 |a Financial institutions  |x State supervision  |z United States. 
650 0 |a Financial institutions  |z United States  |x Accounting. 
650 0 |a Financial institutions  |z United States  |x Auditing. 
651 0 |a United States  |x Economic policy. 
655 4 |a Electronic books. 
776 0 8 |i Print version:  |a International Monetary Fund.  |t United States : Financial Sector Assessment Program-detailed assessment of implementation on the IOSCO objectives and principles of securities regulation.  |d Washington, District of Columbia : International Monetary Fund, c2015   |h 247 pages   |k IMF Country Report ; Number 15/91   |z 9781484312827 
797 2 |a ProQuest (Firm) 
830 0 |a IMF country report ;  |v Number 15/91. 
856 4 0 |u https://ebookcentral.proquest.com/lib/matrademy/detail.action?docID=2040150  |z Click to View